000 00637cam a22002055i 4500
999 _c57720
_d57720
001 20604770
005 20201006135043.0
008 180727s2018 ctu 000 0 eng
010 _a 2018953243
020 _a9780300230048
041 _aeng
042 _apcc
080 _a94 L-20
100 1 _aLambert, Andrew.
_99602
245 1 0 _aSeapower states :
_bmaritime culture, continental empires and the conflict that made the modern world /
_cAndrew Lambert.
264 1 _aNew Haven, CT :
_bYUP New Haven and London,
_c2018.
300 _a399 p.
_b22 cm.
653 _aსაზღვაო ისტორია
942 _2udc
_cBK